Oriental orthodox countries - Statistics

General Stats
  • This quiz has been taken 133 times
  • The average score is 16 of 22
Answer Stats
% Population Answer % Correct
55 47,353,560 Ethiopia
95%
15 1,800,400 Syria
95%
92.6 2,796,519 Armenia
94%
20 10,309,500 Egypt
94%
60 2,530,000 Eritrea
89%
25 2,000,000 Lebanon
86%
0.5 3,800,059 India
85%
2 629,340 Iraq
84%
5 118,057 Israel
83%
0.09 180,000 Turkey
83%
0.05 277,000 United States
83%
0.1 300,000 Iran
78%
0.07 41,200 United Kingdom
76%
7 310,656 Jordan
74%
3 109,042 Georgia
72%
0.15 36,070 Canada
66%
1.5 1,140,000 Germany
60%
0.25 51,010 Australia
57%
2.25 74,000 Kuwait
40%
0.75 69,656 Sweden
34%
1.25 80,000 Tajikistan
18%
2.5 350,000 Guatemala
5%
No matching quizzes found
Score Distribution
Percent of People with Each Score
Percentile by Number Answered
Your Score History
You have not taken this quiz